<?xml version="1.0" encoding="UTF-8"?><?xml-stylesheet type="text/xsl" href="static/style.xsl"?><OAI-PMH xmlns="http://www.openarchives.org/OAI/2.0/" xmlns:xsi="http://www.w3.org/2001/XMLSchema-instance" xsi:schemaLocation="http://www.openarchives.org/OAI/2.0/ http://www.openarchives.org/OAI/2.0/OAI-PMH.xsd"><responseDate>2026-04-17T16:05:57Z</responseDate><request verb="GetRecord" identifier="oai:www.recercat.cat:10230/26084" metadataPrefix="marc">https://recercat.cat/oai/request</request><GetRecord><record><header><identifier>oai:recercat.cat:10230/26084</identifier><datestamp>2025-12-12T02:29:29Z</datestamp><setSpec>com_2072_6</setSpec><setSpec>col_2072_452952</setSpec></header><metadata><record xmlns="http://www.loc.gov/MARC21/slim" xmlns:dcterms="http://purl.org/dc/terms/" xmlns:xsi="http://www.w3.org/2001/XMLSchema-instance" xmlns:doc="http://www.lyncode.com/xoai" xsi:schemaLocation="http://www.loc.gov/MARC21/slim http://www.loc.gov/standards/marcxml/schema/MARC21slim.xsd">
   <leader>00925njm 22002777a 4500</leader>
   <datafield ind2=" " ind1=" " tag="042">
      <subfield code="a">dc</subfield>
   </datafield>
   <datafield ind2=" " ind1=" " tag="720">
      <subfield code="a">Moreno, Verónica</subfield>
      <subfield code="e">author</subfield>
   </datafield>
   <datafield ind2=" " ind1=" " tag="720">
      <subfield code="a">Hernández Leo, Davinia</subfield>
      <subfield code="e">author</subfield>
   </datafield>
   <datafield ind2=" " ind1=" " tag="260">
      <subfield code="c">2016-04-14T07:08:41Z</subfield>
   </datafield>
   <datafield ind2=" " ind1=" " tag="260">
      <subfield code="c">2016-04-14T07:08:41Z</subfield>
   </datafield>
   <datafield ind2=" " ind1=" " tag="260">
      <subfield code="c">2016</subfield>
   </datafield>
   <datafield ind2=" " ind1=" " tag="520">
      <subfield code="a">Comunicació presentada a IX Congreso Iberoamericano de Docencia Universitaria (CIDU), celebrat del 31 de març al 2 d&amp;apos;abril de 2016 a Múrcia, Espanya.</subfield>
   </datafield>
   <datafield ind2=" " ind1=" " tag="520">
      <subfield code="a">Competencias transversales como el trabajo en equipo o el dominio del inglés son objeto/nexplicitico de formación en diferentes asignaturas de los planes de estudio de las Ingenierías/nTIC de la Universitat Pompeu Fabra (Grado de Ingeniería Telemática, de Sistemas Audiovisuales/ne Informática). Para recibir feedback acerca de, entre otros elementos, la percepción de/nutilidad y satisfacción del trabajo e impacto de estas competencias durante la formación y el/ndesarrollo profesional de nuestro estudiantado se realiza con los graduados1 TIC un estudio/nespecífico. En el marco de dicho estudio, coordinado por la Unidad de Apoyo a la Calidad y la/nInnovación Docente (USQUID) de la Escuela Superior Politécnica (ESUP) y apoyado por el/nPrograma de Ayudas PlaQUID de la UPF, se recogen datos e informaciones de carácter/nacadémico -incluidos los relacionados con el trabajo en equipo y la competencia lingüística/ninglés- y de carácter personal y profesional. En esta comunicación se presenta una síntesis de/nlos procesos formativos de dichas competencias así como los resultados obtenidos a través de/nla evaluación llevada a cabo e inscrita en el estudio descrito anteriormente que cuenta con una/nparticipación superior al 50% de los graduados de primera y segunda promoción.</subfield>
   </datafield>
   <datafield tag="653" ind2=" " ind1=" ">
      <subfield code="a">Universitat Pompeu Fabra. Escola Superior Politècnica</subfield>
   </datafield>
   <datafield tag="653" ind2=" " ind1=" ">
      <subfield code="a">Evaluación enseñanza</subfield>
   </datafield>
   <datafield tag="653" ind2=" " ind1=" ">
      <subfield code="a">Impacto y calidad de la formación</subfield>
   </datafield>
   <datafield tag="653" ind2=" " ind1=" ">
      <subfield code="a">Trabajo en equipo</subfield>
   </datafield>
   <datafield tag="653" ind2=" " ind1=" ">
      <subfield code="a">Competencia lingüística</subfield>
   </datafield>
   <datafield ind2="0" ind1="0" tag="245">
      <subfield code="a">Graduados TIC de la Escuela Superior Politécnica: Universidad Pompeu Fabra</subfield>
   </datafield>
</record></metadata></record></GetRecord></OAI-PMH>